000 00251nam a22001097a 4500
082 _a621.902 HIN
100 _aHINE,CHARLES.R
_957058
245 _aMACHINE TOOLS FOR ENGINEERS
260 _aNEW YORK
_bMCGRAW HILL
_c1959
300 _a445P
942 _cBK
999 _c567365
_d567365